00591nam a22001817a 450000500170000001000270001702000260004403500130007003500140008303700130009708200110011010000170012124500790013826000420021727000790025930000210033850000500035920221222112554.0 aENG-110911 ENG-135923 a9788192958231c620.00 aEN-94443 aEN-119455 bDBAD/PUB a155.25 aShukla, Usha aPersonality development :bmodern methods and techniques /cby Usha Shukla aNew DelhibGyan Geeta Prakashanc2014 aF-7, Gali no. 1, Panchsheel Garden Ext. Naveen ShahdarabNew Delhie110032 a312p. c23cm(Hb) aIncludes bibliographical references and index